| 000 | 00739nam a2200265Ia 4500 | ||
|---|---|---|---|
| 005 | 20250425162221.0 | ||
| 008 | 250425s9999 xx 000 0 und d | ||
| 020 | _a9706652116 | ||
| 041 | _aspa | ||
| 043 | _amx | ||
| 082 | _a657 | ||
| 100 | _aSIU VILLANUEVA, CARLOS | ||
| 245 | 0 | _aNORMAS INTERNACIONALES DE INFORMACION FINANCIERA (NIIF) | |
| 250 | _aS.E. | ||
| 260 |
_aMéxico _bINTERNATIONAL ACCOUNTING STANDARDS BOARD _c2004 |
||
| 260 | _aS.L. | ||
| 300 | _a1500 | ||
| 500 | _aSE INCLUYEN LAS NORMAS DE CONTABILIDAD (NIC) Y SUS INTERPRETACIONES. | ||
| 650 | _aCONTABILIDAD-NORMAS | ||
| 650 | _aFINANZAS | ||
| 650 | _aNORMAS | ||
| 710 | _aINTERNATIONAL ACCOUNTING STANDARDS BOARDS | ||
| 942 | _c01 | ||
| 010 | _a57555 | ||
| 999 |
_c224727 _d224727 |
||